| 000 | 01512nam a22003977a 4500 | ||
|---|---|---|---|
| 003 | CHAP | ||
| 005 | 20220329143539.0 | ||
| 008 | 100511s2009 mx r 00010 spa d | ||
| 010 | _a98354 | ||
| 011 | _a99326 | ||
| 035 | _a110012 | ||
| 040 | _cCHAP | ||
| 090 | _aTesis | ||
| 100 | 1 |
_aCortez Egremy, Juan Gerardo _928296 |
|
| 245 | 1 | 0 |
_aDiseño de un sistema agroforestal con mango en el municipio de Chahuites, Oaxaca _c/por Juan Gerardo Cortez Egremy |
| 260 |
_aChapingo, Méx. : _bEl autor, _c2009 |
||
| 300 |
_axviii, 113 h. : _bilus., cuadros, gráfs. |
||
| 502 | _aTesis (Ing. en Agroecología) -- UACH. Departamento de Agroecología | ||
| 530 | _aTambién disponible en línea | ||
| 590 |
_aALEPH _b10 _c20130110 _lUCH01 _h1534 |
||
| 590 |
_aBATCH-UPD _b10 _c20130110 _lUCH01 _h1231 |
||
| 590 |
_aBATCH-UPD _b10 _c20130410 _lUCH01 _h0801 |
||
| 590 |
_aBATCH-UPD _b10 _c20130913 _lUCH01 _h2213 |
||
| 590 |
_aBATCH-UPD _b10 _c20140324 _lUCH01 _h1517 |
||
| 590 |
_aBATCH-UPD _b10 _c20141002 _lUCH01 _h0843 |
||
| 590 |
_aCONVERSION _b10 _c20130109 _lUCH01 _h1354 |
||
| 650 | 1 | 4 |
_aAgroforestería _xOaxaca. _92165 |
| 650 | 1 | 4 |
_aCultivos asociados. _930370 |
| 650 | 1 | 4 |
_aDiseño de sistemas. _932729 |
| 650 | 1 | 4 |
_aMango _xVariedades. _970459 |
| 856 |
_3Finding aid _uhttp://10.13.5.2/tesis/110012.pdf _zTeclea aqui |
||
| 901 | _aBK | ||
| 942 | _cFOLL | ||
| 949 |
_aTesis _bBC _cTES _d33724002116587 _eTS1 _gDonaciØn _h50464 _i110012 _sb |
||
| 949 |
_aTesis _bBC _cTES _d33724002116629 _eTS2 _fc.2 _gDonaciØn _h50465 _i110012 _sb |
||
| 999 |
_c98354 _d98354 |
||